| 000 | 00481cam a2200193ua 4500 | ||
|---|---|---|---|
| 001 | 3773 | ||
| 008 | 150128n ii |||gr||||Z||||||asm | ||
| 040 | _cMAIN | ||
| 041 | _aasm | ||
| 082 | _a491.3 | ||
| 100 | _aDas, Prasanna Ram, | ||
| 245 |
_aPali, prakrit bhasa aru sahitya _cby Prasanna Ram Das |
||
| 250 | _a1st. | ||
| 260 |
_aGuwahati: _bBook Land,984. |
||
| 300 |
_a276p: _c23cm. |
||
| 653 | _aAssamese language | ||
| 653 | _aPali, prakrit bhasa aru sahitya | ||
| 942 | _cBK | ||
| 999 |
_c3599 _d3599 |
||